000
00284nam a22001097a 4500
008
230606b xxu||||| |||| 00| 0 eng d
082
_a
352.473
_b
CBO
245
_a
The Budget and Economic outlooks:
_b
fiscal Years 2007 to 2016
260
_c
january 2006
300
_a
171p
942
_2
ddc
_c
BK
999
_c
636
_d
636